Analýza prevádzky mikrokogeneračných zdrojov pre kombinovanú výrobu tepelnej a elektrickej energie v budovách.

Guardado en:
Detalles Bibliográficos
Autor principal: Hargaš, Michal (Autor)
Otros Autores: Takács, Ján (Orientador)
Formato: Manuscrito Libro
Lenguaje:eslovaco
Publicado: 2016
Materias:
Acceso en línea:http://is.stuba.sk/zp/portal_zp.pl?podrobnosti=94057
Etiquetas: Agregar Etiqueta
Sin Etiquetas, Sea el primero en etiquetar este registro!

MARC

LEADER 00000ntm a22000003a 4500
001 stuzp29297
003 SK-STU
005 20160903210123.4
007 ta
008 150427s2015----xo-----f-mn---000-0-slo-d
040 |a STU  |b slo 
041 0 |a slo 
100 1 |a Hargaš, Michal  |u 010290  |k Z3  |4 aut  |U SvF Stavebná fakulta  |T SvF Katedra technických zariadení budov  |X 23422  |U V290  |Y 31  |7 A000023422 
242 0 1 |a Analysis of operation microcogeneration units in building  |y eng 
245 1 0 |a Analýza prevádzky mikrokogeneračných zdrojov pre kombinovanú výrobu tepelnej a elektrickej energie v budovách. 
260 |c 2016 
650 4 |a kogenerácia  |2 slo 
650 4 |a KVET  |2 slo 
650 4 |a OZE  |2 slo 
650 4 |a microcogeneration  |2 eng 
650 4 |a CHP  |2 eng 
650 4 |a renewable resources  |2 eng 
700 1 |a Takács, Ján  |u 010290  |k Z1  |4 ths  |U SvF Stavebná fakulta  |T SvF Katedra technických zariadení budov  |X 663  |U V290  |Y 31  |7 A000000663 
856 4 |u http://is.stuba.sk/zp/portal_zp.pl?podrobnosti=94057 
996 |b 284V041376  |c V* 3340/DP-1270  |l VVS  |s P  |a 0  |w stuzp29297_0001